<?xml version="1.0" encoding="UTF-8"?>
<record
    xmlns:xsi="http://www.w3.org/2001/XMLSchema-instance"
    xsi:schemaLocation="http://www.loc.gov/MARC21/slim http://www.loc.gov/standards/marcxml/schema/MARC21slim.xsd"
    xmlns="http://www.loc.gov/MARC21/slim">

  <leader>00693nam a22002177a 4500</leader>
  <controlfield tag="005">20170602145411.0</controlfield>
  <controlfield tag="008">090109t        xxu||||| |||| 00| 0urd d</controlfield>
  <datafield tag="010" ind1=" " ind2=" ">
    <subfield code="a">A-412463</subfield>
  </datafield>
  <datafield tag="020" ind1=" " ind2=" ">
    <subfield code="c">100.00</subfield>
    <subfield code="a">-</subfield>
  </datafield>
  <datafield tag="035" ind1=" " ind2=" ">
    <subfield code="a">A-412463</subfield>
  </datafield>
  <datafield tag="037" ind1=" " ind2=" ">
    <subfield code="b">DBAD/PUB</subfield>
  </datafield>
  <datafield tag="040" ind1=" " ind2=" ">
    <subfield code="a">DPL</subfield>
    <subfield code="b">Urdu</subfield>
  </datafield>
  <datafield tag="082" ind1=" " ind2=" ">
    <subfield code="a">&#x646; </subfield>
  </datafield>
  <datafield tag="100" ind1=" " ind2=" ">
    <subfield code="a">&#x637;&#x644;&#x633;&#x645; &#x6C1;&#x648; &#x634;&#x631; &#x648; &#x628;&#x627; -&#x62C;&#x644;&#x62F; &#x62F; &#x648; &#x645; </subfield>
  </datafield>
  <datafield tag="245" ind1=" " ind2=" ">
    <subfield code="a">&#x637;&#x644;&#x633;&#x645; &#x6C1;&#x648; &#x634;&#x631; &#x648; &#x628;&#x627; -&#x62C;&#x644;&#x62F; &#x62F; &#x648; &#x645; </subfield>
    <subfield code="c">&#x637;&#x644;&#x633;&#x645; &#x6C1;&#x648; &#x634;&#x631; &#x648; &#x628;&#x627; -&#x62C;&#x644;&#x62F; &#x62F; &#x648; &#x645;    </subfield>
  </datafield>
  <datafield tag="246" ind1=" " ind2=" ">
    <subfield code="a">Talsum Hoshruba (Part-2)</subfield>
    <subfield code="b">By -</subfield>
  </datafield>
  <datafield tag="260" ind1=" " ind2=" ">
    <subfield code="a">&#x62F;&#x6C1;&#x644;&#x6CC;</subfield>
    <subfield code="b">Maktaba Jamia Ltd. </subfield>
    <subfield code="c">1988</subfield>
  </datafield>
  <datafield tag="270" ind1=" " ind2=" ">
    <subfield code="a">Urdu Bazar Jama Masjid </subfield>
    <subfield code="b">&#x62F;&#x6BE;&#x644;&#x6CC;</subfield>
    <subfield code="e">110006</subfield>
    <subfield code="k">-</subfield>
  </datafield>
  <datafield tag="300" ind1=" " ind2=" ">
    <subfield code="a">900&#x635;</subfield>
    <subfield code="c">22 cm(hb)</subfield>
  </datafield>
  <datafield tag="942" ind1=" " ind2=" ">
    <subfield code="2">ddc</subfield>
    <subfield code="c">UR</subfield>
    <subfield code="h">&#x646; </subfield>
    <subfield code="m">&#x637; &#x644; &#x633; </subfield>
  </datafield>
  <datafield tag="999" ind1=" " ind2=" ">
    <subfield code="c">140716</subfield>
    <subfield code="d">140716</subfield>
  </datafield>
  <datafield tag="952" ind1=" " ind2=" ">
    <subfield code="0">1</subfield>
    <subfield code="1">0</subfield>
    <subfield code="2">ddc</subfield>
    <subfield code="4">0</subfield>
    <subfield code="7">0</subfield>
    <subfield code="8">FIC</subfield>
    <subfield code="a">L</subfield>
    <subfield code="b">L</subfield>
    <subfield code="d">2017-06-02</subfield>
    <subfield code="e">BPPD</subfield>
    <subfield code="g">100.00</subfield>
    <subfield code="l">0</subfield>
    <subfield code="o">&#x646;  &#x637; &#x644; &#x633;</subfield>
    <subfield code="p">A-412463</subfield>
    <subfield code="r">2017-06-02 00:00:00</subfield>
    <subfield code="t">1</subfield>
    <subfield code="v">100.00</subfield>
    <subfield code="y">UR</subfield>
  </datafield>
</record>
